000 00578njm a2200193 i 4500
001 C2-0307002
003 PPAK
005 20180729163350.0
008 101227s2001 xxu|||| ||||| | eng d
040 _aPPAK
_beng
_cPPAK
_erda
245 0 0 _aReagan In His Own Voice
264 1 _aUnited States :
_bSimon 7 Schuster Inc. ,
_c2001
336 _2rdacontent
_atext
337 _2rdamedia
_aunmediated
338 _2rdacarrier
_avolume
650 1 0 _aUnited States- politics and goverment 1981-1989
700 1 _aSkinner, Kiron K. ; Anderson, Annelise,
_ecompile
942 _ddc
_cB
999 _c163862
_d163862